La tragedia de los balseros salvadoreños

Kaydedildi:
Detaylı Bibliyografya
Materyal Türü: Metin
Konular:
Etiketler: Etiketle
Etiket eklenmemiş, İlk siz ekleyin!

MARC

LEADER 00000 a a2200000 04500
001 6893
003
040
245 |a La tragedia de los balseros salvadoreños  
650 |a MIGRACION  
650 |a EL SALVADOR  
773 |g volumen 28, número 1264; páginas 10-11  
999 |c 36149  |d 36149